EG offices (Record no. 78313)

MARC details
000 -LEADER
fixed length control field 01288cab a2200241 4500
001 - CONTROL NUMBER
control field L136490
008 - FIXED-LENGTH DATA ELEMENTS--GENERAL INFORMATION
fixed length control field 070202n2007 000 0 eng u
035 ## - SYSTEM CONTROL NUMBER
System control number (Sirsi) u136490
041 0# - LANGUAGE CODE
Language code of text/sound track or separate title eng
100 1# - MAIN ENTRY--PERSONAL NAME
Personal name Harris, David
245 00 - TITLE STATEMENT
Title EG offices
260 ## - PUBLICATION, DISTRIBUTION, ETC.
Date of publication, distribution, etc. 2007
490 00 - SERIES STATEMENT
Series statement Estates Gazette
Volume/sequential designation (0704) 27 January 2007, 121-137(15)
520 ## - SUMMARY, ETC.
Summary, etc. Looks at the New York office market; provides statistics for London's office market for the end of 2006 and covers office supply and rents in the UK. Asks whether the UK office market can maintain its momentum with rents breaking the £100 per square foot barrier. Covers the Lyons report, highlighting a critical new report which says government relocations have created few opportunities. Looks at the implications of tougher planning rules, targeted taxes and laws to ensure buildings are eco-friendly, arguing that they will have massive implications for developers and occupiers. Covers commonhold arguing that, despite its advantages, it is still the exception rather than the rule, and suggests that this may change in 2007.
590 ## - LOCAL NOTE (RLIN)
Local note KA
650 24 - SUBJECT ADDED ENTRY--TOPICAL TERM
Topical term or geographic name entry element LYONS REVIEW
651 #4 - SUBJECT ADDED ENTRY--GEOGRAPHIC NAME
Geographic name United Kingdom
Chronological subdivision
651 #4 - SUBJECT ADDED ENTRY--GEOGRAPHIC NAME
Geographic name NEW YORK
700 1# - ADDED ENTRY--PERSONAL NAME
Personal name Norman, Paul
700 1# - ADDED ENTRY--PERSONAL NAME
Personal name Wehner, Piers
700 1# - ADDED ENTRY--PERSONAL NAME
Personal name Rowe, Stephen
942 ## - ADDED ENTRY ELEMENTS (KOHA)
Suppress in OPAC 0
Holdings
Withdrawn status Lost status Source of classification or shelving scheme Damaged status Not for loan Home library Current library Shelving location Date acquired Total Checkouts Full call number Barcode Date last seen Copy number Price effective from Koha item type
    Dewey Decimal Classification     London London Journal article 02/02/2007   L136490 136490-1001 06/08/2019 1 06/08/2019 Journal article